<?xml version="1.0" encoding="UTF-8"?>
<record
    xmlns:xsi="http://www.w3.org/2001/XMLSchema-instance"
    xsi:schemaLocation="http://www.loc.gov/MARC21/slim http://www.loc.gov/standards/marcxml/schema/MARC21slim.xsd"
    xmlns="http://www.loc.gov/MARC21/slim">

  <leader>00636nam a2200181Ia 4500</leader>
  <controlfield tag="008">090124s9999    xx            000 0 und d</controlfield>
  <datafield tag="082" ind1=" " ind2=" ">
    <subfield code="b">100954</subfield>
  </datafield>
  <datafield tag="100" ind1=" " ind2=" ">
    <subfield code="a">&#x928;&#x947;&#x928;&#x947; &#x939;&#x930;&#x93F; &#x928;&#x93E;&#x930;&#x93E;&#x92F;&#x923;</subfield>
  </datafield>
  <datafield tag="245" ind1=" " ind2=" ">
    <subfield code="a"> &#x936;&#x93F;&#x915;&#x94D;&#x937;&#x923;&#x915;&#x932;&#x93E; &#x935; &#x92E;&#x93E;&#x928;&#x938;&#x936;&#x93E;&#x938;&#x94D;&#x924;&#x94D;&#x930;</subfield>
  </datafield>
  <datafield tag="250" ind1=" " ind2=" ">
    <subfield code="a">1</subfield>
  </datafield>
  <datafield tag="260" ind1=" " ind2=" ">
    <subfield code="c">1930</subfield>
  </datafield>
  <datafield tag="300" ind1=" " ind2=" ">
    <subfield code="a">308</subfield>
  </datafield>
  <datafield tag="600" ind1=" " ind2=" ">
    <subfield code="a">&#x928;&#x947;&#x928;&#x947; &#x939;&#x930;&#x93F; &#x928;&#x93E;&#x930;&#x93E;&#x92F;&#x923;</subfield>
  </datafield>
  <datafield tag="630" ind1=" " ind2=" ">
    <subfield code="a"> &#x936;&#x93F;&#x915;&#x94D;&#x937;&#x923;&#x915;&#x932;&#x93E; &#x935; &#x92E;&#x93E;&#x928;&#x938;&#x936;&#x93E;&#x938;&#x94D;&#x924;&#x94D;&#x930;</subfield>
  </datafield>
  <datafield tag="700" ind1=" " ind2=" ">
    <subfield code="a">&#x928;&#x947;&#x928;&#x947; &#x939;&#x930;&#x93F; &#x928;&#x93E;&#x930;&#x93E;&#x92F;&#x923;</subfield>
  </datafield>
  <datafield tag="730" ind1=" " ind2=" ">
    <subfield code="a"> &#x936;&#x93F;&#x915;&#x94D;&#x937;&#x923;&#x915;&#x932;&#x93E; &#x935; &#x92E;&#x93E;&#x928;&#x938;&#x936;&#x93E;&#x938;&#x94D;&#x924;&#x94D;&#x930;</subfield>
  </datafield>
  <datafield tag="942" ind1=" " ind2=" ">
    <subfield code="c">BOOK</subfield>
  </datafield>
  <datafield tag="999" ind1=" " ind2=" ">
    <subfield code="c">147046</subfield>
    <subfield code="d">147046</subfield>
  </datafield>
  <datafield tag="952" ind1=" " ind2=" ">
    <subfield code="0">0</subfield>
    <subfield code="1">0</subfield>
    <subfield code="4">0</subfield>
    <subfield code="7">0</subfield>
    <subfield code="a">THNMGS</subfield>
    <subfield code="b">THNMGS</subfield>
    <subfield code="d">0000-00-00</subfield>
    <subfield code="g">2.75</subfield>
    <subfield code="l">0</subfield>
    <subfield code="o">100954</subfield>
    <subfield code="p">THNMGS-100954</subfield>
    <subfield code="r">2009-01-24 00:00:00</subfield>
    <subfield code="v">2.75</subfield>
    <subfield code="w">2009-01-24</subfield>
    <subfield code="y">BOOK</subfield>
  </datafield>
</record>
